[Event "8th Arber Open"]
[Site "chess24.com"]
[Date "2019.07.28"]
[Round "2"]
[White "Uneken, Bert"]
[Black "Steppuhn, Simone"]
[Result "1-0"]
[Board "45"]
[WhiteElo "1860"]
[WhiteTeam "HOLLAND"]
[WhiteCountry "NED"]
[WhiteFideId "1031260"]
[WhiteEloChange "4"]
[BlackElo "1613"]
[BlackTeam "Br�hler SK"]
[BlackCountry "GER"]
[BlackFideId "12938947"]
[BlackEloChange "-4"]

1. d4 {[%clk 1:30:30]} d5 {[%clk 1:30:30]} 2. Bf4 {[%clk 1:30:30]} c6 {[%clk
1:30:30]} 3. c3 {[%clk 1:30:30]} Bf5 {[%clk 1:30:30]} 4. Nf3 {[%clk 1:30:30]} Nf6
{[%clk 1:30:30]} 5. Nbd2 {[%clk 1:30:30]} Nbd7 {[%clk 1:30:30]} 6. e3 {[%clk
1:30:30]} h6 {[%clk 1:30:30]} 7. Be2 {[%clk 1:30:30]} e6 {[%clk 1:30:30]} 8. O-O
{[%clk 1:30:30]} Be7 {[%clk 1:30:30]} 9. Ne5 {[%clk 1:30:30]} O-O {[%clk
1:30:30]} 10. c4 {[%clk 1:30:30]} Nxe5 {[%clk 1:30:30]} 11. Bxe5 {[%clk 1:30:30]}
Nd7 {[%clk 1:30:30]} 12. Bf4 {[%clk 1:30:30]} c5 {[%clk 1:30:30]} 13. cxd5 {[%clk
1:30:30]} exd5 {[%clk 1:30:30]} 14. Qb3 {[%clk 1:30:30]} Nb6 {[%clk 1:30:30]} 15.
dxc5 {[%clk 1:30:30]} Bxc5 {[%clk 1:30:30]} 16. Nf3 {[%clk 1:30:30]} Be6 {[%clk
1:30:30]} 17. Rfd1 {[%clk 1:30:30]} Qe7 {[%clk 1:30:30]} 18. Nd4 {[%clk 1:30:30]}
Bxd4 {[%clk 1:30:30]} 19. Rxd4 {[%clk 1:30:30]} Rac8 {[%clk 1:30:30]} 20. Rad1
{[%clk 1:30:30]} Qc5 {[%clk 1:30:30]} 21. Bf3 {[%clk 1:30:30]} Qc2 {[%clk
1:30:30]} 22. Qb4 {[%clk 1:30:30]} Rc4 {[%clk 1:30:30]} 23. Qd2 {[%clk 1:30:30]}
Qxd2 {[%clk 1:30:30]} 24. R4xd2 {[%clk 1:30:30]} Rfc8 {[%clk 1:30:30]} 25. Be5
{[%clk 1:30:30]} Rc1 {[%clk 1:30:30]} 26. Bc3 {[%clk 1:30:30]} Rxd1+ {[%clk
1:30:30]} 27. Bxd1 {[%clk 1:30:30]} Nc4 {[%clk 1:30:30]} 28. Rd4 {[%clk 1:30:30]}
b6 {[%clk 1:30:30]} 29. Kf1 {[%clk 1:30:30]} a5 {[%clk 1:30:30]} 30. Ke2 {[%clk
1:30:30]} Nd6 {[%clk 1:30:30]} 31. Rd2 {[%clk 1:30:30]} Ne4 {[%clk 1:30:30]} 32.
Rc2 {[%clk 1:30:30]} Nxc3+ {[%clk 1:30:30]} 33. Rxc3 {[%clk 1:30:30]} Rxc3 {[%clk
1:30:30]} 34. bxc3 {[%clk 1:30:30]} Kf8 {[%clk 1:30:30]} 35. Kd3 {[%clk 1:30:30]}
Ke7 {[%clk 1:30:30]} 36. Kd4 {[%clk 1:30:30]} Kd6 {[%clk 1:30:30]} 37. Ba4 {[%clk
1:30:30]} Bf5 {[%clk 1:30:30]} 38. Be8 {[%clk 1:30:30]} f6 {[%clk 1:30:30]} 39.
Bf7 {[%clk 1:30:30]} Be6 {[%clk 1:30:30]} 40. Bxe6 {[%clk 1:30:30]} Kxe6 {[%clk
1:30:30]} 41. c4 {[%clk 1:30:30]} dxc4 {[%clk 1:30:30]} 42. Kxc4 {[%clk 1:30:30]}
Kd6 {[%clk 1:30:30]} 43. Kb5 {[%clk 1:30:30]} Kc7 {[%clk 1:30:30]} 44. a4 {[%clk
1:30:30]} Kb7 {[%clk 1:30:30]} 45. e4 {[%clk 1:30:30]} g5 {[%clk 1:30:30]} 46. h4
{[%clk 1:30:30]} Kc7 {[%clk 1:30:30]} 47. f3 {[%clk 1:30:30]} Kb7 {[%clk
1:30:30]} 48. g3 {[%clk 1:30:30]} Kc7 {[%clk 1:30:30]} 49. f4 {[%clk 1:30:30]} g4
{[%clk 1:30:30]} 50. h5 {[%clk 1:30:30]} Kb7 {[%clk 1:30:30]} 51. e5 {[%clk
1:30:30]} fxe5 {[%clk 1:30:30]} 52. fxe5 {[%clk 1:30:30]} Kc7 {[%clk 1:30:30]}
53. e6 {[%clk 1:30:30]} 1-0

[Event "8th Arber Open"]
[Site "chess24.com"]
[Date "2019.07.28"]
[Round "2"]
[White "Wudi, Tobias"]
[Black "Schmitz, Tim"]
[Result "1/2-1/2"]
[Board "46"]
[WhiteElo "1513"]
[WhiteTeam "SC Bayerwald"]
[WhiteCountry "GER"]
[WhiteFideId "16226984"]
[WhiteEloChange "8"]
[BlackElo "1870"]
[BlackTeam "SC Sendling"]
[BlackCountry "GER"]
[BlackFideId "1270221"]
[BlackEloChange "-8"]

1. e4 {[%clk 1:30:30]} c5 {[%clk 1:30:30]} 2. Nf3 {[%clk 1:30:30]} d6 {[%clk
1:30:30]} 3. Nc3 {[%clk 1:30:30]} Nf6 {[%clk 1:30:30]} 4. Be2 {[%clk 1:30:30]} g6
{[%clk 1:30:30]} 5. O-O {[%clk 1:30:30]} Bg7 {[%clk 1:30:30]} 6. d3 {[%clk
1:30:30]} Nc6 {[%clk 1:30:30]} 7. Bg5 {[%clk 1:30:30]} h6 {[%clk 1:30:30]} 8. Be3
{[%clk 1:30:30]} Be6 {[%clk 1:30:30]} 9. d4 {[%clk 1:30:30]} cxd4 {[%clk
1:30:30]} 10. Nxd4 {[%clk 1:30:30]} Nxd4 {[%clk 1:30:30]} 11. Bxd4 {[%clk
1:30:30]} O-O {[%clk 1:30:30]} 12. Bf3 {[%clk 1:30:30]} Qa5 {[%clk 1:30:30]} 13.
Nd5 {[%clk 1:30:30]} Nxd5 {[%clk 1:30:30]} 14. Bxg7 {[%clk 1:30:30]} Kxg7 {[%clk
1:30:30]} 15. exd5 {[%clk 1:30:30]} Bf5 {[%clk 1:30:30]} 16. Qe1 {[%clk 1:30:30]}
Qxe1 {[%clk 1:30:30]} 17. Rfxe1 {[%clk 1:30:30]} Kf6 {[%clk 1:30:30]} 18. c4
{[%clk 1:30:30]} Rfc8 {[%clk 1:30:30]} 19. b3 {[%clk 1:30:30]} g5 {[%clk
1:30:30]} 20. Re3 {[%clk 1:30:30]} Rc7 {[%clk 1:30:30]} 1/2-1/2

[Event "8th Arber Open"]
[Site "chess24.com"]
[Date "2019.07.28"]
[Round "2"]
[White "Fruehe, David"]
[Black "Bergmann, Reiner"]
[Result "0-1"]
[Board "53"]
[WhiteElo "1353"]
[WhiteTeam "SF H�rden"]
[WhiteCountry "GER"]
[WhiteFideId "16226747"]
[WhiteEloChange "-2"]
[BlackElo "1823"]
[BlackTeam "SC Bayerwald"]
[BlackCountry "GER"]
[BlackFideId "12958514"]
[BlackEloChange "2"]

1. e4 {[%clk 1:30:30]} d5 {[%clk 1:30:30]} 2. exd5 {[%clk 1:30:30]} Nf6 {[%clk
1:30:30]} 3. Nc3 {[%clk 1:30:30]} Nxd5 {[%clk 1:30:30]} 4. Bc4 {[%clk 1:30:30]}
Be6 {[%clk 1:30:30]} 5. Nxd5 {[%clk 1:30:30]} Bxd5 {[%clk 1:30:30]} 6. Bxd5
{[%clk 1:30:30]} Qxd5 {[%clk 1:30:30]} 7. Nf3 {[%clk 1:30:30]} Nc6 {[%clk
1:30:30]} 8. d4 {[%clk 1:30:30]} O-O-O {[%clk 1:30:30]} 9. Be3 {[%clk 1:30:30]}
Qb5 {[%clk 1:30:30]} 10. Qc1 {[%clk 1:30:30]} e6 {[%clk 1:30:30]} 11. c3 {[%clk
1:30:30]} Be7 {[%clk 1:30:30]} 12. Qc2 {[%clk 1:30:30]} Na5 {[%clk 1:30:30]} 13.
Qe2 {[%clk 1:30:30]} Qe8 {[%clk 1:30:30]} 14. O-O-O {[%clk 1:30:30]} Qa4 {[%clk
1:30:30]} 15. Kb1 {[%clk 1:30:30]} Rd6 {[%clk 1:30:30]} 16. Qc2 {[%clk 1:30:30]}
Qb5 {[%clk 1:30:30]} 17. Ne5 {[%clk 1:30:30]} Ra6 {[%clk 1:30:30]} 18. Rd2 {[%clk
1:30:30]} f6 {[%clk 1:30:30]} 19. Nd3 {[%clk 1:30:30]} Nc4 {[%clk 1:30:30]} 20.
Re2 {[%clk 1:30:30]} Na3+ {[%clk 1:30:30]} 0-1

[Event "8th Arber Open"]
[Site "chess24.com"]
[Date "2019.07.29"]
[Round "3"]
[White "Milov, Leonid"]
[Black "Hoffmann, Sebastian"]
[Result "1-0"]
[Board "4"]
[WhiteElo "2472"]
[WhiteTitle "GM"]
[WhiteCountry "GER"]
[WhiteFideId "14101068"]
[WhiteEloChange "2"]
[BlackElo "2199"]
[BlackCountry "GER"]
[BlackFideId "12954535"]
[BlackEloChange "-3"]

1. f4 {[%clk 1:30:53]} d5 {[%clk 1:30:44]} 2. Nf3 {[%clk 1:31:12]} g6 {[%clk
1:30:32]} 3. g3 {[%clk 1:31:22]} Bg7 {[%clk 1:30:53]} 4. d3 {[%clk 1:31:26]} Nf6
{[%clk 1:30:44]} 5. Bg2 {[%clk 1:31:50]} O-O {[%clk 1:30:39]} 6. O-O {[%clk
1:32:15]} c5 {[%clk 1:29:43]} 7. c3 {[%clk 1:32:36]} Nc6 {[%clk 1:29:27]} 8. Na3
{[%clk 1:32:48]} Qc7 {[%clk 1:27:43]} 9. Qc2 {[%clk 1:32:11]} e5 {[%clk 1:27:23]}
10. e4 {[%clk 1:15:41]} dxe4 {[%clk 1:18:53]} 11. dxe4 {[%clk 1:15:59]} exf4
{[%clk 1:17:08]} 12. Bxf4 {[%clk 1:15:44]} Qe7 {[%clk 1:15:26]} 13. Rae1 {[%clk
0:53:17]} Bg4 {[%clk 0:58:46]} 14. Nc4 {[%clk 0:46:34]} Bxf3 {[%clk 0:52:18]} 15.
Bxf3 {[%clk 0:45:47]} Rfd8 {[%clk 0:43:40]} 16. e5 {[%clk 0:43:51]} Nd5 {[%clk
0:39:49]} 17. Nd6 {[%clk 0:43:39]} Nxf4 {[%clk 0:31:58]} 18. gxf4 {[%clk
0:43:53]} Rxd6 {[%clk 0:25:05]} 19. exd6 {[%clk 0:43:47]} Qxd6 {[%clk 0:25:29]}
20. Rd1 {[%clk 0:33:55]} Qc7 {[%clk 0:20:39]} 21. Qf2 {[%clk 0:25:06]} Bf8 {[%clk
0:20:02]} 22. Bxc6 {[%clk 0:17:50]} Qxc6 {[%clk 0:19:45]} 23. Qf3 {[%clk
0:18:08]} Qc7 {[%clk 0:15:35]} 24. Qe4 {[%clk 0:16:02]} c4 {[%clk 0:13:37]} 25.
Kh1 {[%clk 0:15:53]} Rc8 {[%clk 0:12:42]} 26. Rd2 {[%clk 0:15:49]} Bh6 {[%clk
0:06:45]} 27. Rd4 {[%clk 0:14:29]} Kf8 {[%clk 0:02:41]} 28. Qe5 {[%clk 0:07:39]}
Bg7 {[%clk 0:02:41]} 29. Qxc7 {[%clk 0:07:42]} Rxc7 {[%clk 0:03:10]} 30. Rd8+
{[%clk 0:07:18]} Ke7 {[%clk 0:03:39]} 31. Rg8 {[%clk 0:06:27]} Bf6 {[%clk
0:02:22]} 32. Kg2 {[%clk 0:06:02]} Kd6 {[%clk 0:01:30]} 33. Kf3 {[%clk 0:06:11]}
b5 {[%clk 0:01:41]} 34. Rb8 {[%clk 0:04:50]} Kc5 {[%clk 0:01:34]} 35. Rd1 {[%clk
0:04:51]} h5 {[%clk 0:00:49]} 36. Rd2 {[%clk 0:03:39]} Kc6 {[%clk 0:00:39]} 37.
a4 {[%clk 0:02:48]} a6 {[%clk 0:00:40]} 38. a5 {[%clk 0:02:42]} Kc5 {[%clk
0:00:42]} 39. Rb6 {[%clk 0:02:27]} Rc6 {[%clk 0:00:50]} 40. Rd7 {[%clk 0:02:15]}
Bh8 {[%clk 0:00:35]} 41. Rb8 {[%clk 0:00:41]} Bf6 {[%clk 0:27:50]} 42. Rxf7
{[%clk 0:29:28]} Bh4 {[%clk 0:22:22]} 43. Rfb7 {[%clk 0:23:29]} Be1 {[%clk
0:09:20]} 44. Rb6 {[%clk 0:22:50]} Bd2 {[%clk 0:08:07]} 45. Rxc6+ {[%clk
0:22:48]} Kxc6 {[%clk 0:08:36]} 46. Rb6+ {[%clk 0:22:13]} Kc5 {[%clk 0:07:05]}
47. Rxa6 {[%clk 0:22:05]} b4 {[%clk 0:07:15]} 48. Rxg6 {[%clk 0:21:31]} 1-0

[Event "8th Arber Open"]
[Site "chess24.com"]
[Date "2019.07.29"]
[Round "3"]
[White "Titz, Heimo"]
[Black "Navarro Gevers, Daniel"]
[Result "0-1"]
[Board "23"]
[WhiteElo "2048"]
[WhiteTitle "FM"]
[WhiteCountry "AUT"]
[WhiteFideId "1601520"]
[WhiteEloChange "-16"]
[BlackElo "1813"]
[BlackCountry "GER"]
[BlackFideId "16253752"]
[BlackEloChange "16"]

1. c4 {[%clk 1:30:52]} c5 {[%clk 1:30:31]} 2. Nc3 {[%clk 1:29:48]} Nc6 {[%clk
1:29:45]} 3. Nf3 {[%clk 1:29:31]} g6 {[%clk 1:26:56]} 4. e3 {[%clk 1:29:04]} e6
{[%clk 1:21:48]} 5. d4 {[%clk 1:28:29]} cxd4 {[%clk 1:21:26]} 6. exd4 {[%clk
1:28:46]} d5 {[%clk 1:18:48]} 7. c5 {[%clk 1:19:26]} a6 {[%clk 1:15:05]} 8. Be2
{[%clk 1:13:14]} Bg7 {[%clk 1:11:52]} 9. Na4 {[%clk 1:05:50]} Nge7 {[%clk
1:09:05]} 10. Nb6 {[%clk 1:05:20]} Ra7 {[%clk 1:07:02]} 11. b3 {[%clk 0:56:58]}
O-O {[%clk 1:04:17]} 12. O-O {[%clk 0:52:33]} Nf5 {[%clk 0:50:53]} 13. Bb2 {[%clk
0:52:17]} Qf6 {[%clk 0:47:45]} 14. Ne5 {[%clk 0:45:49]} Rd8 {[%clk 0:40:51]} 15.
f4 {[%clk 0:37:20]} Ne3 {[%clk 0:40:47]} 16. Qd3 {[%clk 0:37:35]} Nxf1 {[%clk
0:40:55]} 17. Rxf1 {[%clk 0:37:59]} Qe7 {[%clk 0:37:54]} 18. Bc1 {[%clk 0:17:51]}
Nxe5 {[%clk 0:25:49]} 19. fxe5 {[%clk 0:17:07]} Bd7 {[%clk 0:24:59]} 20. Qe3
{[%clk 0:13:58]} Bb5 {[%clk 0:24:29]} 21. a4 {[%clk 0:14:08]} Bxe2 {[%clk
0:24:22]} 22. Qxe2 {[%clk 0:14:36]} a5 {[%clk 0:23:49]} 23. Bd2 {[%clk 0:12:29]}
f6 {[%clk 0:24:07]} 24. Bf4 {[%clk 0:11:51]} Rf8 {[%clk 0:18:13]} 25. exf6 {[%clk
0:11:28]} Qxf6 {[%clk 0:16:22]} 26. Be3 {[%clk 0:07:49]} Qxf1+ {[%clk 0:16:19]}
27. Qxf1 {[%clk 0:08:17]} Rxf1+ {[%clk 0:16:40]} 28. Kxf1 {[%clk 0:08:32]} Bf6
{[%clk 0:16:19]} 29. Ke2 {[%clk 0:07:34]} Ra6 {[%clk 0:14:34]} 30. Kd3 {[%clk
0:06:05]} Kf7 {[%clk 0:14:19]} 31. Bd2 {[%clk 0:05:58]} Ke8 {[%clk 0:13:44]} 32.
b4 {[%clk 0:05:50]} axb4 {[%clk 0:13:49]} 33. Bxb4 {[%clk 0:06:07]} Bd8 {[%clk
0:14:00]} 34. a5 {[%clk 0:05:16]} Bxb6 {[%clk 0:14:12]} 35. cxb6 {[%clk 0:05:35]}
Kd7 {[%clk 0:14:09]} 36. Ke3 {[%clk 0:04:16]} Kc6 {[%clk 0:13:25]} 37. Kf4 {[%clk
0:04:26]} Kb5 {[%clk 0:13:24]} 38. Bd2 {[%clk 0:04:24]} Rxa5 {[%clk 0:13:31]} 39.
Bxa5 {[%clk 0:03:09]} Kxa5 {[%clk 0:13:59]} 40. Ke5 {[%clk 0:02:59]} Kxb6 {[%clk
0:14:26]} 41. g4 {[%clk 0:02:47]} Kc6 {[%clk 0:14:42]} 42. g5 {[%clk 0:02:17]} b5
{[%clk 0:14:53]} 43. Kf6 {[%clk 0:02:40]} b4 {[%clk 0:15:02]} 44. Kg7 {[%clk
0:02:11]} b3 {[%clk 0:15:27]} 45. Kxh7 {[%clk 0:02:30]} b2 {[%clk 0:15:51]} 46.
Kxg6 {[%clk 0:02:19]} b1Q+ {[%clk 0:16:13]} 47. Kg7 {[%clk 0:02:31]} Qg1 {[%clk
0:16:01]} 48. g6 {[%clk 0:02:39]} Qxd4+ {[%clk 0:16:04]} 49. Kf7 {[%clk 0:02:34]}
Kd6 {[%clk 0:15:28]} 50. g7 {[%clk 0:02:27]} Qf4+ {[%clk 0:15:50]} 51. Kg6 {[%clk
0:02:16]} Qxh2 {[%clk 0:16:15]} 0-1

[Event "8th Arber Open"]
[Site "chess24.com"]
[Date "2019.07.29"]
[Round "3"]
[White "Villani, Cristian"]
[Black "Brands, Kevin"]
[Result "1-0"]
[Board "28"]
[WhiteElo "2017"]
[WhiteTeam "SK Durlach"]
[WhiteCountry "GER"]
[WhiteFideId "24635898"]
[WhiteEloChange "4"]
[BlackElo "1799"]
[BlackTeam "HOLLAND"]
[BlackCountry "NED"]
[BlackFideId "1054872"]
[BlackEloChange "-4"]

1. Nf3 {[%clk 1:30:30]} Nf6 {[%clk 1:30:30]} 2. c4 {[%clk 1:30:30]} g6 {[%clk
1:30:30]} 3. Nc3 {[%clk 1:30:30]} Bg7 {[%clk 1:30:30]} 4. e4 {[%clk 1:30:30]} d6
{[%clk 1:30:30]} 5. d4 {[%clk 1:30:30]} O-O {[%clk 1:30:30]} 6. Be2 {[%clk
1:30:30]} e5 {[%clk 1:30:30]} 7. O-O {[%clk 1:30:30]} Nc6 {[%clk 1:30:30]} 8. d5
{[%clk 1:30:30]} Ne7 {[%clk 1:30:30]} 9. Ne1 {[%clk 1:30:30]} Nd7 {[%clk
1:30:30]} 10. Nd3 {[%clk 1:30:30]} f5 {[%clk 1:30:30]} 11. Bd2 {[%clk 1:30:30]}
Nf6 {[%clk 1:30:30]} 12. f3 {[%clk 1:30:30]} f4 {[%clk 1:30:30]} 13. c5 {[%clk
1:30:30]} g5 {[%clk 1:30:30]} 14. Rc1 {[%clk 1:30:30]} Ng6 {[%clk 1:30:30]} 15.
Nb5 {[%clk 1:30:30]} Rf7 {[%clk 1:30:30]} 16. cxd6 {[%clk 1:30:30]} cxd6 {[%clk
1:30:30]} 17. Nf2 {[%clk 1:30:30]} h5 {[%clk 1:30:30]} 18. h3 {[%clk 1:30:30]}
Bf8 {[%clk 1:30:30]} 19. a4 {[%clk 1:30:30]} a6 {[%clk 1:30:30]} 20. Na3 {[%clk
1:30:30]} Rg7 {[%clk 1:30:30]} 21. a5 {[%clk 1:30:30]} Nh4 {[%clk 1:30:30]} 22.
Nc4 {[%clk 1:30:30]} Nxg2 {[%clk 1:30:30]} 23. Kxg2 {[%clk 1:30:30]} g4 {[%clk
1:30:30]} 24. Rg1 {[%clk 1:30:30]} gxf3+ {[%clk 1:30:30]} 25. Kxf3 {[%clk
1:30:30]} Ng4 {[%clk 1:30:30]} 26. hxg4 {[%clk 1:30:30]} Qh4 {[%clk 1:30:30]} 27.
g5 {[%clk 1:30:30]} Bg4+ {[%clk 1:30:30]} 28. Nxg4 {[%clk 1:30:30]} hxg4+ {[%clk
1:30:30]} 29. Rxg4 {[%clk 1:30:30]} Qh3+ {[%clk 1:30:30]} 30. Kf2 {[%clk
1:30:30]} Qh2+ {[%clk 1:30:30]} 31. Rg2 {[%clk 1:30:30]} Qh4+ {[%clk 1:30:30]}
32. Kf1 {[%clk 1:30:30]} Rh7 {[%clk 1:30:30]} 33. Bf3 {[%clk 1:30:30]} Be7 {[%clk
1:30:30]} 34. Qe1 {[%clk 1:30:30]} Qh1+ {[%clk 1:30:30]} 35. Kf2 {[%clk 1:30:30]}
Qh4+ {[%clk 1:30:30]} 36. Ke2 {[%clk 1:30:30]} 1-0

[Event "8th Arber Open"]
[Site "chess24.com"]
[Date "2019.07.29"]
[Round "3"]
[White "Kronschnabl, Matthias"]
[Black "Schleich, Theodor, Dr."]
[Result "0-1"]
[Board "29"]
[WhiteElo "1837"]
[WhiteTeam "SC Bayerwald"]
[WhiteCountry "GER"]
[WhiteFideId "12988227"]
[WhiteEloChange "-6"]
[BlackElo "2000"]
[BlackTeam "Muenchener SC"]
[BlackCountry "GER"]
[BlackFideId "24615218"]
[BlackEloChange "6"]

1. d4 {[%clk 1:30:30]} e6 {[%clk 1:30:30]} 2. Bf4 {[%clk 1:30:30]} c5 {[%clk
1:30:30]} 3. e3 {[%clk 1:30:30]} Qb6 {[%clk 1:30:30]} 4. b3 {[%clk 1:30:30]} Nf6
{[%clk 1:30:30]} 5. Nf3 {[%clk 1:30:30]} cxd4 {[%clk 1:30:30]} 6. Qxd4 {[%clk
1:30:30]} Bc5 {[%clk 1:30:30]} 7. Qc4 {[%clk 1:30:30]} Nc6 {[%clk 1:30:30]} 8.
Be5 {[%clk 1:30:30]} Nxe5 {[%clk 1:30:30]} 9. Nxe5 {[%clk 1:30:30]} Qa5+ {[%clk
1:30:30]} 10. c3 {[%clk 1:30:30]} Bxe3 {[%clk 1:30:30]} 11. Nd3 {[%clk 1:30:30]}
Bb6 {[%clk 1:30:30]} 12. Be2 {[%clk 1:30:30]} O-O {[%clk 1:30:30]} 13. O-O {[%clk
1:30:30]} d5 {[%clk 1:30:30]} 14. Qh4 {[%clk 1:30:30]} Bd8 {[%clk 1:30:30]} 15.
c4 {[%clk 1:30:30]} Ne4 {[%clk 1:30:30]} 16. Qf4 {[%clk 1:30:30]} Bg5 {[%clk
1:30:30]} 17. b4 {[%clk 1:30:30]} Qd8 {[%clk 1:30:30]} 0-1

[Event "8th Arber Open"]
[Site "chess24.com"]
[Date "2019.07.29"]
[Round "3"]
[White "Fuchs, Florian"]
[Black "Van der Meiden, Dirk"]
[Result "1-0"]
[Board "30"]
[WhiteElo "1776"]
[WhiteTeam "DJK SF Haselbach"]
[WhiteCountry "GER"]
[WhiteFideId "16213351"]
[WhiteEloChange "16"]
[BlackElo "1992"]
[BlackTeam "HOLLAND"]
[BlackCountry "NED"]
[BlackFideId "1012061"]
[BlackEloChange "-16"]

1. e4 {[%clk 1:30:30]} c5 {[%clk 1:30:30]} 2. Nf3 {[%clk 1:30:30]} g6 {[%clk
1:30:30]} 3. d4 {[%clk 1:30:30]} cxd4 {[%clk 1:30:30]} 4. Nxd4 {[%clk 1:30:30]}
Bg7 {[%clk 1:30:30]} 5. c4 {[%clk 1:30:30]} Nc6 {[%clk 1:30:30]} 6. Be3 {[%clk
1:30:30]} Nf6 {[%clk 1:30:30]} 7. Nc3 {[%clk 1:30:30]} O-O {[%clk 1:30:30]} 8. f3
{[%clk 1:30:30]} d6 {[%clk 1:30:30]} 9. Qd2 {[%clk 1:30:30]} Bd7 {[%clk 1:30:30]}
10. Be2 {[%clk 1:30:30]} Nxd4 {[%clk 1:30:30]} 11. Bxd4 {[%clk 1:30:30]} Bc6
{[%clk 1:30:30]} 12. O-O {[%clk 1:30:30]} Nd7 {[%clk 1:30:30]} 13. Be3 {[%clk
1:30:30]} a6 {[%clk 1:30:30]} 14. b4 {[%clk 1:30:30]} b5 {[%clk 1:30:30]} 15.
Rac1 {[%clk 1:30:30]} Qb8 {[%clk 1:30:30]} 16. Nd5 {[%clk 1:30:30]} Bxd5 {[%clk
1:30:30]} 17. cxd5 {[%clk 1:30:30]} Qb7 {[%clk 1:30:30]} 18. Rc2 {[%clk 1:30:30]}
Rfc8 {[%clk 1:30:30]} 19. Rfc1 {[%clk 1:30:30]} Bf6 {[%clk 1:30:30]} 20. f4
{[%clk 1:30:30]} Kf8 {[%clk 1:30:30]} 21. Rc6 {[%clk 1:30:30]} Ke8 {[%clk
1:30:30]} 22. Bg4 {[%clk 1:30:30]} h5 {[%clk 1:30:30]} 23. Bh3 {[%clk 1:30:30]}
Kd8 {[%clk 1:30:30]} 24. R1c2 {[%clk 1:30:30]} Rab8 {[%clk 1:30:30]} 25. Qc1
{[%clk 1:30:30]} Ra8 {[%clk 1:30:30]} 26. Rxc8+ {[%clk 1:30:30]} Rxc8 {[%clk
1:30:30]} 27. Rxc8+ {[%clk 1:30:30]} Qxc8 {[%clk 1:30:30]} 28. Bb6+ {[%clk
1:30:30]} 1-0

[Event "8th Arber Open"]
[Site "chess24.com"]
[Date "2019.07.29"]
[Round "3"]
[White "Glaser, Max"]
[Black "Nahlik, Bernhard, Dr."]
[Result "1/2-1/2"]
[Board "31"]
[WhiteElo "1949"]
[WhiteTeam "SC Furth Waldmuenchen"]
[WhiteCountry "GER"]
[WhiteFideId "16210271"]
[WhiteEloChange "-5"]
[BlackElo "1744"]
[BlackTeam "SC Ansbach"]
[BlackCountry "GER"]
[BlackFideId "12904600"]
[BlackEloChange "5"]

1. e4 {[%clk 1:30:30]} d6 {[%clk 1:30:30]} 2. d4 {[%clk 1:30:30]} Nf6 {[%clk
1:30:30]} 3. f3 {[%clk 1:30:30]} g6 {[%clk 1:30:30]} 4. c4 {[%clk 1:30:30]} Bg7
{[%clk 1:30:30]} 5. Bd3 {[%clk 1:30:30]} O-O {[%clk 1:30:30]} 6. Ne2 {[%clk
1:30:30]} c5 {[%clk 1:30:30]} 7. Nbc3 {[%clk 1:30:30]} cxd4 {[%clk 1:30:30]} 8.
Nxd4 {[%clk 1:30:30]} Nc6 {[%clk 1:30:30]} 9. Nc2 {[%clk 1:30:30]} Qb6 {[%clk
1:30:30]} 10. Rb1 {[%clk 1:30:30]} Ne5 {[%clk 1:30:30]} 11. Be3 {[%clk 1:30:30]}
Nxd3+ {[%clk 1:30:30]} 12. Qxd3 {[%clk 1:30:30]} Qc7 {[%clk 1:30:30]} 13. O-O
{[%clk 1:30:30]} Be6 {[%clk 1:30:30]} 14. b3 {[%clk 1:30:30]} a6 {[%clk 1:30:30]}
15. Nd4 {[%clk 1:30:30]} Bd7 {[%clk 1:30:30]} 16. Rbc1 {[%clk 1:30:30]} Qa5
{[%clk 1:30:30]} 17. Qd2 {[%clk 1:30:30]} Qh5 {[%clk 1:30:30]} 18. Nde2 {[%clk
1:30:30]} Rac8 {[%clk 1:30:30]} 19. Nf4 {[%clk 1:30:30]} Qa5 {[%clk 1:30:30]} 20.
Ncd5 {[%clk 1:30:30]} Qd8 {[%clk 1:30:30]} 21. Bb6 {[%clk 1:30:30]} Qe8 {[%clk
1:30:30]} 22. Nxf6+ {[%clk 1:30:30]} Bxf6 {[%clk 1:30:30]} 23. Nd5 {[%clk
1:30:30]} Bg7 {[%clk 1:30:30]} 24. Nc7 {[%clk 1:30:30]} Qd8 {[%clk 1:30:30]} 25.
Qa5 {[%clk 1:30:30]} Bd4+ {[%clk 1:30:30]} 26. Bxd4 {[%clk 1:30:30]} Qxc7 {[%clk
1:30:30]} 27. Qg5 {[%clk 1:30:30]} f6 {[%clk 1:30:30]} 28. Qe3 {[%clk 1:30:30]}
Qa5 {[%clk 1:30:30]} 29. Bb6 {[%clk 1:30:30]} Qg5 {[%clk 1:30:30]} 30. Qe2 {[%clk
1:30:30]} Rc6 {[%clk 1:30:30]} 31. Bd4 {[%clk 1:30:30]} Be6 {[%clk 1:30:30]} 32.
f4 {[%clk 1:30:30]} Qg4 {[%clk 1:30:30]} 33. Qd2 {[%clk 1:30:30]} Rfc8 {[%clk
1:30:30]} 34. a4 {[%clk 1:30:30]} Bf7 {[%clk 1:30:30]} 35. e5 {[%clk 1:30:30]}
dxe5 {[%clk 1:30:30]} 36. fxe5 {[%clk 1:30:30]} Rd8 {[%clk 1:30:30]} 37. Rf4
{[%clk 1:30:30]} Qd7 {[%clk 1:30:30]} 38. Rcf1 {[%clk 1:30:30]} Bxc4 {[%clk
1:30:30]} 39. bxc4 {[%clk 1:30:30]} fxe5 {[%clk 1:30:30]} 40. Rf7 {[%clk
1:30:30]} Qxd4+ {[%clk 1:30:30]} 41. Qxd4 {[%clk 1:30:30]} exd4 {[%clk 1:30:30]}
42. Rxe7 {[%clk 1:30:30]} Rf8 {[%clk 1:30:30]} 43. Rc1 {[%clk 1:30:30]} Rfc8
{[%clk 1:30:30]} 44. Rb1 {[%clk 1:30:30]} R6c7 {[%clk 1:30:30]} 45. Rxb7 {[%clk
1:30:30]} Rxb7 {[%clk 1:30:30]} 46. Rxb7 {[%clk 1:30:30]} Rxc4 {[%clk 1:30:30]}
47. a5 {[%clk 1:30:30]} Ra4 {[%clk 1:30:30]} 48. Rd7 {[%clk 1:30:30]} Rxa5 {[%clk
1:30:30]} 49. Rxd4 {[%clk 1:30:30]} Rf5 {[%clk 1:30:30]} 50. Rd7 {[%clk 1:30:30]}
a5 {[%clk 1:30:30]} 51. Ra7 {[%clk 1:30:30]} Rb5 {[%clk 1:30:30]} 52. h4 {[%clk
1:30:30]} h6 {[%clk 1:30:30]} 53. Kh2 {[%clk 1:30:30]} g5 {[%clk 1:30:30]} 54.
hxg5 {[%clk 1:30:30]} Rxg5 {[%clk 1:30:30]} 55. g4 {[%clk 1:30:30]} h5 {[%clk
1:30:30]} 56. gxh5 {[%clk 1:30:30]} Rxh5+ {[%clk 1:30:30]} 57. Kg3 {[%clk
1:30:30]} Rb5 {[%clk 1:30:30]} 58. Kf4 {[%clk 1:30:30]} Rb4+ {[%clk 1:30:30]} 59.
Ke3 {[%clk 1:30:30]} a4 {[%clk 1:30:30]} 60. Kd3 {[%clk 1:30:30]} 1/2-1/2